Wind effects on cable-supported bridges (Record no. 163686)
[ view plain ]
| 000 -LEADER | |
|---|---|
| fixed length control field | 01302nam a2200313 a 4500 |
| 082 04 - DEWEY DECIMAL CLASSIFICATION NUMBER | |
| Classification number | 624.2/52 |
| 100 1# - MAIN ENTRY--AUTHOR NAME | |
| Personal name | Xu, You-Lin, |
| 245 10 - TITLE STATEMENT | |
| Title | Wind effects on cable-supported bridges |
| 260 ## - PUBLICATION, DISTRIBUTION, ETC. (IMPRINT) | |
| Place of publication | Singapore : |
| Name of publisher | Wiley, |
| Year of publication | c2013. |
| 300 ## - PHYSICAL DESCRIPTION | |
| Number of Pages | 1 online resource (xxvi, 742 p.) : |
| Other physical details | ill. (some col.), charts. |
| 650 #0 - SUBJECT ADDED ENTRY--TOPICAL TERM | |
| Topical Term | Cable-stayed bridges. |
| Topical Term | Wind-pressure. |
| 856 40 - ELECTRONIC LOCATION AND ACCESS | |
| Uniform Resource Identifier | http://site.ebrary.com/lib/rucke/Doc?id=10674834 |
| 588 ## - | |
| -- | Description based on online resource; title from title page (ebrary, viewed May 8, 2013). |
No items available.
